000 00993nam a22002537a 4500
005 20170124102940.0
010 _aA-716825
020 _c00.00
_a8170247071
035 _aA-716825
037 _bCen Lib/Ret
040 _aDPL
_bHN
082 _a821
_bमिश्र भ
100 _aमिश्रभ ,भरत
_93694
245 _aदोहा रामायण /
_cभरत मिश्र
246 _aDoha ramayan
_bby Bhrat mishar
260 _aनई दिल्ली
_bए.पी.एच. पब्लिशिंग
270 _a5-अंसारी रोड दरिया गंज
_bनई दिल्ली
_e110002
300 _a96पृष्ठ.
_c21सेमी (सजिल्द)
650 _aहिंदी कविता
_948165
650 _aकाव्य की परम्परा
_91101
650 _ahindi poetry
_948166
650 _aPoetic tradition
_948167
942 _2ddc
_cHN
_h821
_mमिश्रभ
999 _c112555
_d112555